| 000 | 00691cam a22002413a 4500 | ||
|---|---|---|---|
| 001 | 18976 | ||
| 003 | PGUSA | ||
| 005 | 20140828083413.0 | ||
| 008 | 060803s2006||||xxu|||||s|||||000 | eng d | ||
| 040 |
_aPGUSA _beng |
||
| 042 | _adc | ||
| 050 | 4 | _aR | |
| 100 | 1 |
_aErasmus, Desiderius, _d1469-1536 |
|
| 245 | 1 | 0 |
_aEncomium Artis Medicae : _bDe Lof Der Geneeskunde _h[electronic resource] / _cDesiderius Erasmus |
| 260 |
_bProject Gutenberg, _c2006 |
||
| 506 | _aPublic domain in the USA. | ||
| 516 | _aElectronic text | ||
| 653 | _aPhilosophy, Medical | ||
| 700 | 1 | _aHillesum, L. | |
| 830 | 0 |
_aProject Gutenberg _v18976 |
|
| 856 | 4 | 0 | _uhttp://www.gutenberg.org/ebooks/18976 |
| 942 | _cEB | ||
| 999 |
_c248231 _d248231 |
||